[Event "TCh-SWE Elitserien 2010-11"]
[Site "Sweden SWE"]
[Date "2011.02.05"]
[Round "7"]
[White "Vernersson,P"]
[Black "Kockum,A"]
[Result "1-0"]
[WhiteElo "2372"]
[BlackElo "2322"]

1.d4 e6 2.c4 Nf6 3.g3 Bb4+ 4.Bd2 c5 5.Bxb4 cxb4 6.Nf3 O-O 7.Bg2 d6 8.O-O Nc6
9.a3 bxa3 10.Rxa3 e5 11.Nc3 Bg4 12.d5 Nb4 13.Ne1 Qb6 14.b3 a5 15.Kh1 Rfc8
16.Nd3 Nxd3 17.Qxd3 Bd7 18.e3 Qb4 19.Rfa1 g6 20.Kg1 Bf5 21.Qd2 b5 22.Ne4 Qxd2
23.Nxd2 Bd3 24.Bf1 bxc4 25.bxc4 Bxf1 26.Kxf1 Rab8 27.Rxa5 Rb2 28.R1a2 Rcb8
29.e4 h5 30.Ra6 h4 31.gxh4 Nh5 32.Rxb2 Rxb2 33.Ke1 Nf4 34.f3 f5 35.Rxd6 Nd3+
36.Ke2 fxe4 37.fxe4 Nc5 38.Ke3 Rc2 39.Rxg6+ Kf7 40.Rc6 Rc3+ 41.Ke2 Nd3 42.Rb6 Nf4+
43.Kd1 Rh3 44.Rb7+ Ke8 45.c5 Rxh2 46.c6 Ne2 47.Rb8+ Ke7 48.c7 Nd4 49.c8=Q Rh1+
50.Nf1 Rxf1+ 51.Kd2 Rf2+ 52.Ke1  1-0

[Event "TCh-SWE Elitserien 2010-11"]
[Site "Sweden SWE"]
[Date "2011.02.05"]
[Round "7"]
[White "Sjodahl,P"]
[Black "Backelin,R"]
[Result "1-0"]
[WhiteElo "2413"]
[BlackElo "2350"]

1.d4 e6 2.c4 Nf6 3.g3 Bb4+ 4.Bd2 c5 5.Bxb4 cxb4 6.Bg2 Nc6 7.Nf3 d6 8.d5 exd5
9.cxd5 Ne7 10.Qa4+ Qd7 11.Qxb4 Nexd5 12.Qb3 O-O 13.O-O a5 14.Rd1 a4 15.Qc4 Ra5
16.e4 Rc5 17.Qd4 Nc7 18.Nc3 Nb5 19.Qxc5 dxc5 20.Rxd7 Bxd7 21.Nxa4 Bc6 22.Nxc5 Nxe4
23.Nxe4 Bxe4 24.Rd1 Rc8 25.Ne1 Bxg2 26.Kxg2 Kf8 27.Rd7 Nc7 28.Nd3 Ke8 29.Rd6 Ne6
30.Rb6 Nd8 31.Kf3 Rc2 32.Ke3 Kd7 33.Rb5 Rc7 34.Nf4 Rc1 35.Nh5 g6 36.Nf6+ Ke6
37.Nxh7 f6 38.Nf8+ Kf7 39.Nd7  1-0

[Event "1st Open"]
[Site "Cento ITA"]
[Date "2011.02.12"]
[Round "8"]
[White "Brunello,S"]
[Black "Romanishin,O"]
[Result "1/2-1/2"]
[WhiteElo "2540"]
[BlackElo "2534"]

1.d4 Nf6 2.c4 e6 3.g3 Bb4+ 4.Bd2 c5 5.Bxb4 cxb4 6.Bg2 Qc7 7.Nd2 O-O 8.Rc1 d6
9.c5 d5 10.Ngf3 Nc6 11.O-O e5 12.dxe5 Nxe5 13.Nd4 Bg4 14.Qb3 a5 15.Rfe1 Nc6
16.Nxc6 bxc6 17.e4 dxe4 18.Nxe4 Nxe4 19.Bxe4 Rad8 20.Qa4 Rd2 21.Qxc6 Qxc6
22.Bxc6 Rxb2 23.Bd5 Rd2 24.Bb3 a4 25.Bxa4 Rxa2 26.Bb3 Rb2 27.Rb1  1/2-1/2

[Event "ch-ROU Men"]
[Site "Sarata Monteoru ROU"]
[Date "2011.02.12"]
[Round "1.34"]
[White "Dragomirescu,C"]
[Black "Tiron,L"]
[Result "1-0"]
[WhiteElo "2233"]
[BlackElo "1818"]

1.d4 Nf6 2.c4 e6 3.g3 Bb4+ 4.Bd2 Qe7 5.Bg2 O-O 6.Nc3 Nc6 7.Nf3 d6 8.O-O Bxc3
9.Bxc3 Ne4 10.Qc2 Nxc3 11.Qxc3 Rb8 12.Rac1 Re8 13.b4 Nd8 14.Rfd1 b6 15.b5 a5
16.a4 Nb7 17.Nd2 e5 18.Bc6 exd4 19.Qxd4 Bd7 20.Bxd7 Qxd7 21.Ne4 Qe7 22.Nc3 Nc5
23.Rb1 Rbc8 24.e3 Qe6 25.Kg2 h6 26.h4 Kf8 27.Qf4 Qe5 28.Qxe5 Rxe5 29.Ra1 Nd7
30.e4 Rc5 31.Rd4 Ne5 32.Nd5 Nxc4 33.f4 c6 34.bxc6 R8xc6 35.Ra2 b5 36.axb5 Rxb5
37.Kh3 Rb2 38.Rxc4 Rxc4 39.Rxb2 Rxe4 40.Ra2 g5 41.Rxa5 gxf4 42.Nxf4 Re5 43.Ra8+ Ke7
44.Rh8 d5 45.Rxh6 d4 46.Kg4 Re4 47.Kf3 Re3+ 48.Kf2 Re5 49.Ra6  1-0

[Event "Aeroflot Open B"]
[Site "Moscow RUS"]
[Date "2011.02.14"]
[Round "7"]
[White "Korobkov,P"]
[Black "Abbasifar,H"]
[Result "0-1"]
[WhiteElo "2492"]
[BlackElo "2411"]

1.d4 Nf6 2.c4 e6 3.g3 Bb4+ 4.Bd2 Be7 5.Bg2 O-O 6.d5 d6 7.Nc3 a5 8.e4 Nbd7
9.Qc2 Ne5 10.b3 exd5 11.cxd5 c6 12.f4 Ned7 13.Nge2 cxd5 14.exd5 Qb6 15.h3 Re8
16.g4 Bf8 17.Bf3 Nc5 18.Kf1 g6 19.Ng3 Bg7 20.Kg2 h6 21.Rae1 Bd7 22.Rxe8+ Rxe8
23.Re1 Rc8 24.Qb1 Na6 25.g5 hxg5 26.fxg5 Nh7 27.Nce4 Nb4 28.Rc1 Rxc1 29.Bxc1 Nxd5
30.Qd3 Be6 31.h4 Be5 32.h5 Kg7 33.hxg6 fxg6 34.Nf2 Qc5 35.Bd2 Nf4+ 36.Bxf4 Bxf4
37.Qe4 Qxg5 38.Qxb7+ Kh6 39.Ne4 Qh4 40.Qc6 Ng5  0-1

[Event "ch-ROU Women"]
[Site "Sarata Monteoru ROU"]
[Date "2011.02.20"]
[Round "9.5"]
[White "Dragomirescu,An"]
[Black "Baciu,A"]
[Result "0-1"]
[WhiteElo "2174"]
[BlackElo "2123"]

1.d4 Nf6 2.c4 e6 3.g3 Bb4+ 4.Bd2 Qe7 5.Nc3 Nc6 6.Nf3 O-O 7.Bg2 Bxc3 8.Bxc3 Ne4
9.Rc1 d6 10.d5 Nxc3 11.Rxc3 Nb8 12.dxe6 fxe6 13.O-O Nc6 14.Ne1 e5 15.Nc2 a5
16.Ne3 Be6 17.Nd5 Qd7 18.f4 Kh8 19.Rff3 Bg4 20.Rf2 Rae8 21.Qd2 a4 22.e3 exf4
23.gxf4 Ne7 24.Nxe7 Rxe7 25.f5 Rf6 26.Rf4 Bh5 27.Rh4 Bf7 28.Qc2 Re5 29.e4 Qc6
30.b3 a3 31.Rf3 Bg8 32.Rg3 Qb6+ 33.Kf1 Qc5 34.Qd2 b5 35.Qg5 Re7 36.Rhg4 Qe5
37.Kf2 bxc4 38.bxc4 Qb2+ 39.Kf3 Bxc4 40.Qe3 Rxf5+ 41.exf5 Rxe3+ 42.Kxe3 Qe2+
43.Kf4 Qe5+ 44.Kg5 h6+ 45.Kh4 Qf6+ 46.Kh3 Qxf5 47.Rf3 Qh5+ 48.Kg3 Qe5+ 49.Kf2 Qe2+
50.Kg3 g5 51.h4 Qe5+ 52.Kf2 Be2 53.Re4 Qxe4 54.Rf8+ Kg7 55.Bxe4 Kxf8 56.Kxe2 gxh4
57.Kd3 Ke7 58.Kc3 h3 59.Kb3 Ke6 60.Kxa3 d5 61.Bh1 c5 62.Ka4 d4 63.Kb3 Kd6
64.Kc4 h2 65.Be4 Kc7 66.Kd3 Kb6 67.Kc4 Ka5 68.Bc6 h5 69.Kb3 d3 70.Kc3 c4
71.a3 Kb6 72.Bf3 Kb5 73.Be4 Ka4 74.Kb2 d2 75.Bc6+ Ka5 76.Kc2 c3 77.Kd1 Kb6
78.Bg2 Kb5 79.Kc2 Ka4 80.Bf3 Kxa3 81.Bd5 d1=Q+  0-1

[Event "ch-ROU Men"]
[Site "Sarata Monteoru ROU"]
[Date "2011.02.20"]
[Round "11.15"]
[White "Doncea,V"]
[Black "Tufa,M"]
[Result "1-0"]
[WhiteElo "2402"]
[BlackElo "2011"]

1.d4 Nf6 2.c4 e6 3.g3 Bb4+ 4.Bd2 Bxd2+ 5.Qxd2 d6 6.Bg2 O-O 7.Nc3 e5 8.e3 exd4
9.exd4 Nc6 10.Nge2 Bf5 11.O-O Qd7 12.Nf4 Rab8 13.h3 h6 14.g4 Bh7 15.Nfd5 Nxd5
16.Nxd5 Ne7 17.f4 Nxd5 18.Bxd5 c6 19.Bg2 f5 20.g5 hxg5 21.fxg5 Qf7 22.d5 c5
23.Qf4 Rbd8 24.Rae1 Rfe8 25.Re6 Rxe6 26.dxe6 Qe7 27.Bd5 g6 28.Qe3 Rf8 29.h4 Re8
30.Rf2 Kh8 31.Qc3+ Qg7 32.Qf6 Bg8 33.Re2 Kh7 34.Kg2 f4 35.Kf3 Rf8 36.e7 Bxd5+
37.cxd5 Re8 38.Kxf4 Kg8 39.Re6 Kh7 40.a4 b6 41.b3 a6 42.Qxg7+ Kxg7 43.Rxd6 Rxe7
44.Rxb6  1-0

[Event "4th Karkonosze Open A"]
[Site "Karpacz POL"]
[Date "2011.02.24"]
[Round "6"]
[White "Kolosowski,M"]
[Black "Jagodzinski,P"]
[Result "1-0"]
[WhiteElo "2375"]
[BlackElo "2148"]

1.d4 Nf6 2.c4 e6 3.g3 Bb4+ 4.Bd2 a5 5.Nf3 b6 6.Bg2 Bb7 7.O-O O-O 8.Bg5 h6
9.Bxf6 Qxf6 10.a3 Be7 11.Nc3 d6 12.e4 Nd7 13.e5 Qg6 14.Nh4 Bxh4 15.Bxb7 dxe5
16.Bxa8 Rxa8 17.Qf3 Rd8 18.Rad1 exd4 19.Rxd4 Bf6 20.Rd3 c5 21.Rd6 Be5 22.Qc6 Bxd6
23.Qxd6 Qf6 24.Rd1 h5 25.Qc7 Qe7 26.Nb5 h4 27.Na7 Qf6 28.Nc6 Rf8 29.Qxd7 Qxb2
30.Qe7 g6 31.Qxh4 Qxa3 32.Qh6 Qf3 33.Ne7+  1-0

[Event "61st ch-RUS w 1st League"]
[Site "Ivanovo RUS"]
[Date "2011.02.25"]
[Round "5"]
[White "Baraeva,M"]
[Black "Stepovaia Dianchenko,T"]
[Result "1/2-1/2"]
[WhiteElo "2152"]
[BlackElo "2389"]

1.d4 Nf6 2.c4 e6 3.g3 Bb4+ 4.Bd2 Be7 5.Bg2 d5 6.Nf3 c6 7.Qc2 O-O 8.O-O b6
9.e3 a5 10.b3 Ba6 11.Rc1 Nbd7 12.cxd5 cxd5 13.Qb2 Rc8 14.Nc3 b5 15.Bf1 Qb6
16.a4 b4 17.Nb5 Ne4 18.Be1 f6 19.Rxc8 Rxc8 20.Rc1 Rxc1 21.Qxc1 Kf7 22.Qc2 g6
23.h4 Nd6 24.Nxd6+ Bxd6 25.h5 Bxf1 26.Kxf1 Qa6+ 27.Kg1 Qb7 28.hxg6+ hxg6
29.Nh4 Nf8 30.f4 Kg8 31.Nf3 Be7 32.Kg2 Qd7 33.g4 Nh7 34.Nh4 Nf8 35.Nf3 Bd6
36.g5 fxg5 37.fxg5 Nh7 38.Bg3 Bxg3 39.Kxg3 Qe7 40.Kg4 e5 41.dxe5 Qd7+ 42.Kg3 Qe7
43.Kg4 Nf8 44.Qc6 Qd7+ 45.Qxd7 Nxd7 46.e6 Nc5 47.Nd4 Kf8 48.Kf4 Nd3+ 49.Kf3 Nc5
50.Kf4 Nd3+ 51.Kf3 Nc5 52.Kf4  1/2-1/2

[Event "31st TCh-IND 2011"]
[Site "Kochi IND"]
[Date "2011.02.28"]
[Round "9"]
[White "Maheswaran,P"]
[Black "Gokhale,C"]
[Result "1/2-1/2"]
[WhiteElo "2278"]
[BlackElo "2289"]

1.d4 Nf6 2.c4 e6 3.g3 Bb4+ 4.Bd2 Qe7 5.Nf3 Nc6 6.Nc3 Bxc3 7.Bxc3 Ne4 8.Rc1 d6
9.d5 Nxc3 10.Rxc3 Nb8 11.Bg2 e5 12.O-O O-O 13.Nd2 f5 14.f4 e4 15.Nb3 Na6
16.Qd4 b6 17.g4 Nc5 18.Re3 Nxb3 19.axb3 a5 20.g5 g6 21.h4 Qg7 22.Qxg7+ Kxg7
23.Kf2 Bd7 24.Rh3 Rh8 25.Rc1 h6 26.Ra1 hxg5 27.hxg5 Rxh3 28.Bxh3 Rh8 29.Kg3  1/2-1/2

[Event "TCh-CZE 2010-11"]
[Site "Czech Rep CZE"]
[Date "2011.03.05"]
[Round "8.1"]
[White "Dziuba,M"]
[Black "Vitiugov,N"]
[Result "1/2-1/2"]
[WhiteElo "2584"]
[BlackElo "2709"]

1.d4 Nf6 2.c4 e6 3.g3 Bb4+ 4.Bd2 Be7 5.Bg2 d5 6.Nf3 c6 7.O-O Nbd7 8.Qc2 b6
9.Rd1 Ba6 10.cxd5 cxd5 11.Nc3 O-O 12.Bf4 Bb7 13.Rac1 Rc8 14.Qb3 a6 15.a4 Nh5
16.Bd2 Bd6 17.Na2 Nhf6 18.Bb4 Bxb4 19.Qxb4 a5 20.Qa3 Ba6 21.e3 Rxc1 22.Rxc1 Qb8
23.Nd2 Rc8 24.Rxc8+ Qxc8 25.Nc3 Qf8 26.Qxf8+ Kxf8 27.Bf1 Bxf1  1/2-1/2

[Event "ch-FRA Rapid 2011"]
[Site "Nancy FRA"]
[Date "2011.03.13"]
[Round "3"]
[White "Fridman,D"]
[Black "Naiditsch,A"]
[Result "1/2-1/2"]
[WhiteElo "2661"]
[BlackElo "2684"]

1.d4 Nf6 2.c4 e6 3.g3 Bb4+ 4.Bd2 c5 5.Bxb4 cxb4 6.Bg2 O-O 7.e4 d6 8.Ne2 e5
9.O-O Nc6 10.d5 Nb8 11.a3 Na6 12.Qd2 Qb6 13.axb4 Nxb4 14.Nbc3 Bd7 15.Na2 Nxa2
16.Rxa2 Rfc8 17.Qc3 Qc5 18.b3 b5 19.Ra5 Qb6 20.Rfa1 bxc4 21.bxc4 Ng4 22.c5 Rxc5
23.Rxc5 Qxc5 24.Qxc5 dxc5 25.Ra5 c4 26.Nc3 h5 27.Bf1 h4 28.Be2 Nf6 29.f4 Re8
30.fxe5 Rxe5 31.Bf3 hxg3 32.hxg3 Bf5 33.exf5 Re3 34.Kf2 Rxc3 35.Rxa7 Rd3
36.Ra5 c3 37.Rc5 Nd7 38.Rc8+ Kh7 39.Be4 Rd2+ 40.Ke3 Nf6 41.Rxc3 Rxd5 42.Kf3 Rd4
43.Bc2 Kh6 44.Rc7 Rd7 45.Rxd7 Nxd7 46.Kf4 f6 47.Bd3 Ne5 48.Be2 Nc6 49.Bb5 Ne5
50.Be2 Nd7  1/2-1/2

[Event "TCh-SVK Extraliga 2010-11"]
[Site "Slovakia SVK"]
[Date "2011.03.13"]
[Round "8.3"]
[White "Federic,J"]
[Black "Jurcik,Mari"]
[Result "0-1"]
[WhiteElo "2283"]
[BlackElo "2471"]

1.d4 Nf6 2.c4 e6 3.g3 Bb4+ 4.Bd2 Qe7 5.Bg2 Nc6 6.Nf3 Bxd2+ 7.Nbxd2 O-O 8.O-O d6
9.Qc2 e5 10.e3 Bg4 11.d5 Nb8 12.b4 c6 13.dxc6 Nxc6 14.a3 Rac8 15.Rac1 b6
16.Ng5 h6 17.Nge4 Nxe4 18.Nxe4 d5 19.Nc3 dxc4 20.Qe4 Qe6 21.Qb1 Rfd8 22.Bxc6 Qxc6
23.e4 Bh3 24.Rfe1 Qf6 25.Re3 Rd2 26.f3 Qd6 27.Nd5 Be6 28.Nc3 Qd4 29.Re1 Rd3
30.Qc1 Rd8 31.Kg2 Rd2+ 32.R3e2 Qe3 33.g4 R8d3 34.Rxd2 Rxd2+  0-1

[Event "ch-PriFO A"]
[Site "Tolyatti RUS"]
[Date "2011.03.13"]
[Round "4.2"]
[White "Shukh,N"]
[Black "Shaposhnikov,E"]
[Result "1/2-1/2"]
[WhiteElo "2418"]
[BlackElo "2532"]

1.d4 Nf6 2.c4 e6 3.g3 Bb4+ 4.Bd2 Be7 5.Bg2 d5 6.Nf3 O-O 7.O-O Nbd7 8.Qc2 c6
9.Bf4 Nh5 10.Bd2 Nhf6 11.Bf4 Nh5 12.Bd2 Nhf6 13.Bf4 Nh5  1/2-1/2

[Event "ch-PriFO A"]
[Site "Tolyatti RUS"]
[Date "2011.03.15"]
[Round "6.29"]
[White "Kirpichnikov,V2"]
[Black "Uraev,I"]
[Result "1/2-1/2"]
[WhiteElo "2201"]
[BlackElo "2233"]

1.d4 Nf6 2.c4 e6 3.g3 Bb4+ 4.Bd2 Be7 5.Bg2 d5 6.Nf3 Nc6 7.O-O O-O 8.Qb3 a5
9.Nc3 Ne4 10.Bf4 Nxc3 11.Qxc3 Bb4 12.Qc2 Bd6 13.Bxd6 Qxd6 14.Rac1 Nb4 15.Qb1 c6
16.a3 Na6 17.e4 dxe4 18.Qxe4 f6 19.c5 Qd5 20.Qe3 Rd8 21.Rcd1 Qd7 22.Rfe1 Nc7
23.Bh3 Qd5 24.Bg2 Qh5 25.Nd2 Nb5 26.Bf3 Qg6 27.Nc4 Nc7 28.Nd6 Rb8 29.Qc3 Ra8
30.Qc4 Rb8 31.Qa4 Rd7 32.Qxa5 Ra8 33.Qd2 Re7 34.Re3 Ne8 35.Nc4 Nc7 36.Qe2 Qe8
37.Nd6 Qd8 38.Qc4 Nd5 39.Re2 b5 40.Qb3 Kf8 41.Rde1 Raa7 42.Qd3 g6 43.Bg4 f5
44.Bf3 b4 45.axb4 Ba6 46.b5 Bxb5 47.Nxb5 cxb5 48.Qxb5 Nc7 49.Qc4 Rd7 50.Rd1 Qb8
51.b4 Qb5 52.Qc3 Nd5 53.Qe1 Nc7 54.Re5 Qc4 55.Be2 Qc2 56.b5 Nd5 57.Bd3 Qa4
58.b6 Ra8 59.Rxe6 Nb4 60.Bf1 Nc2 61.Qe5 Nxd4 62.Rf6+ Kg8 63.Rd3 Qc4 64.c6 Qxd3
65.Bxd3 Nf3+ 66.Kg2 Nxe5 67.cxd7 Nxd7 68.Bc4+ Kh8 69.Rd6 Nc5 70.Rc6 Nb7 71.Rc7 Nd6
72.Bd5 Rb8 73.b7 f4 74.Rd7 Nxb7 75.Bxb7 fxg3 76.hxg3 Re8 77.f4 Re3 78.Bf3 Ra3
79.Bc6 Rc3 80.Bb7 Rb3 81.Kf2 Ra3 82.Be4 Rc3 83.f5 gxf5 84.Bxf5 Rc5 85.Rxh7+ Kg8
86.Rh5 Kg7 87.g4 Rc3 88.Kg2 Kf6 89.Rh3 Rc1 90.Rd3 Kg5 91.Rd4 Ra1 92.Be6 Ra5
93.Bd5 Kh4 94.Kf3 Ra3+ 95.Kf4 Rd3 96.Re4 Rxd5 97.Re1 Rd4+ 98.Kf5 Rd5+ 99.Ke4 Rg5
100.Rh1+ Kxg4 101.Rg1+ Kh5 102.Rxg5+ Kxg5  1/2-1/2

[Event "FIDE Zonal 3.5 2011"]
[Site "Tianjin CHN"]
[Date "2011.03.24"]
[Round "5"]
[White "Lou Yiping"]
[Black "Yu Yangyi"]
[Result "0-1"]
[WhiteElo "2446"]
[BlackElo "2652"]

1.d4 Nf6 2.c4 e6 3.g3 Bb4+ 4.Nd2 d5 5.Bg2 O-O 6.Nf3 c5 7.dxc5 Bxc5 8.O-O Nc6
9.a3 a5 10.cxd5 exd5 11.Nb3 Ba7 12.Bf4 Re8 13.Qd3 Bg4 14.h3 Bxf3 15.Bxf3 a4
16.Nd2 h6 17.g4 Qe7 18.e3 Rad8 19.Qb5 d4 20.e4 d3 21.e5 Nxe5 22.Bxb7 Ng6
23.Rae1 Qxe1 24.Rxe1 Rxe1+ 25.Kh2 Nxf4 26.Qa5 Rde8 27.Qxa7 R1e2  0-1

[Event "1st Armen Norouz Cup"]
[Site "Esfahan IRI"]
[Date "2011.03.26"]
[Round "2"]
[White "Khaje Hesamedini,A"]
[Black "Dehghani,Ho"]
[Result "1-0"]
[WhiteElo "2151"]
[BlackElo "2008"]

1.d4 Nf6 2.c4 e6 3.g3 Bb4+ 4.Bd2 Bxd2+ 5.Qxd2 d6 6.Bg2 Nc6 7.e4 e5 8.Ne2 a5
9.Nbc3 O-O 10.O-O Ng4 11.d5 Ne7 12.h3 Nh6 13.f4 f5 14.fxe5 dxe5 15.Nc1 Ng6
16.Nd3 Ra6 17.Rf2 Raf6 18.Raf1 b6 19.Qe3 Qe7 20.Qd2 Qd6 21.exf5 Rxf5 22.Ne4 Qe7
23.a3 Ba6 24.Qc3 Rxf2 25.Ndxf2 Nf5 26.b4 axb4 27.axb4 Nd4 28.Re1 Qd7 29.Ng4 Qf5
30.Kh1 Qd7 31.Ng5 h6 32.Nxe5 Nxe5 33.Rxe5 hxg5 34.Qxd4 Rf5 35.Re1 Qf7 36.Qe4 Rf6
37.b5 Bb7 38.Qe8+ Qxe8 39.Rxe8+ Rf8 40.Re5 Ra8 41.Re7 Rc8 42.Kg1 Kf8 43.Rd7 g6
44.Bf3 Kg8 45.Bg4 Ra8 46.Be6+ Kh8 47.Bg4 Ra1+ 48.Kf2 Ra2+ 49.Ke3 Ra3+ 50.Kd4 Ra1
51.Rxc7 Ba8 52.d6 Ra2 53.d7 Rd2+ 54.Ke3 Rd6 55.Rc8+ Kg7 56.d8=Q  1-0

[Event "Rapid Match"]
[Site "Tashkent UZB"]
[Date "2011.03.27"]
[Round "4"]
[White "Kasimdzhanov,R"]
[Black "Anand,V"]
[Result "0-1"]
[WhiteElo "2687"]
[BlackElo "2817"]

1.d4 Nf6 2.c4 e6 3.g3 Bb4+ 4.Bd2 Qe7 5.Bg2 Nc6 6.e3 O-O 7.Ne2 d5 8.cxd5 exd5
9.Nbc3 Rd8 10.O-O Bxc3 11.Nxc3 b6 12.a3 Be6 13.Rc1 Na5 14.Nb5 Nc4 15.b3 Nxd2
16.Qxd2 c5 17.Qb2 Qd7 18.a4 a6 19.Na3 Rac8 20.Rfd1 Bh3 21.Bh1 Qf5 22.dxc5 bxc5
23.b4 cxb4 24.Qxb4 h6 25.Qb6 Ne4 26.f3 Nf6 27.Qxa6 Rxc1 28.Rxc1 d4 29.Qb6 Rc8
30.Re1 Qd3 31.Nb1 Rc1  0-1

[Event "ch-VIE Men Places"]
[Site "Da Lat VIE"]
[Date "2011.03.28"]
[Round "1.1"]
[White "Tu Hoang Thong"]
[Black "Nguyen Van Huy"]
[Result "1/2-1/2"]
[WhiteElo "2447"]
[BlackElo "2459"]

1.d4 Nf6 2.c4 e6 3.g3 Bb4+ 4.Bd2 Qe7 5.Bg2 Nc6 6.Nf3 Bxd2+ 7.Qxd2 Ne4 8.Qc2 Qb4+
9.Nc3 Nxc3 10.Qxc3 Qxc3+ 11.bxc3 Rb8 12.c5 Na5 13.Nd2 b6 14.cxb6 cxb6 15.Nb3 Nc4
16.Nd2 Na5 17.Nb3 Nc4 18.Nd2  1/2-1/2

[Event "Telin International Open"]
[Site "Jakarta INA"]
[Date "2011.04.03"]
[Round "4.6"]
[White "Mahmud,S"]
[Black "Megaranto,S"]
[Result "0-1"]
[WhiteElo "2315"]
[BlackElo "2533"]

1.d4 Nf6 2.c4 e6 3.g3 Bb4+ 4.Nd2 O-O 5.Bg2 d5 6.Qc2 b6 7.Nf3 Bb7 8.O-O Nbd7
9.a3 Bxd2 10.Nxd2 c5 11.dxc5 bxc5 12.Rd1 Qb6 13.e4 d4 14.b4 a5 15.b5 e5 16.a4 Ne8
17.Nb3 Nd6 18.Bd2 f5 19.f3 fxe4 20.fxe4 Nf6 21.Re1 Bc8 22.Qd3 Be6 23.Rac1 Nd7
24.Qe2 Qc7 25.Rc2 Nb7 26.Ra1 Nb6 27.Bf1 Qf7 28.Rac1 Rad8 29.Qe1 d3 30.Rc3 Bxc4
31.Bg5 Bxb3 32.Bxd8 Rxd8 33.Bxd3 c4 34.Bf1 Nc5 35.Qe3 Ncxa4 36.Qg5 Qf6  0-1

[Event "Karposh Open"]
[Site "Skopje MKD"]
[Date "2011.04.03"]
[Round "2"]
[White "Tosic,M"]
[Black "Antic,De"]
[Result "1/2-1/2"]
[WhiteElo "2408"]
[BlackElo "2488"]

1.d4 Nf6 2.c4 e6 3.g3 Bb4+ 4.Bd2 Be7 5.Bg2 d5 6.Nf3 O-O 7.Qc2 c6 8.O-O Nbd7
9.Rd1 b6 10.Bf4 Bb7 11.Nbd2 Nh5 12.cxd5 Nxf4  1/2-1/2

[Event "Karposh Open"]
[Site "Skopje MKD"]
[Date "2011.04.04"]
[Round "4"]
[White "Jianu,V"]
[Black "Dancevski,O"]
[Result "1-0"]
[WhiteElo "2545"]
[BlackElo "2400"]

1.d4 Nf6 2.c4 e6 3.g3 Bb4+ 4.Bd2 a5 5.Bg2 d6 6.Nc3 Nbd7 7.Qc2 O-O 8.Nf3 e5
9.a3 Bxc3 10.Bxc3 Re8 11.O-O c6 12.e4 a4 13.Rad1 Qc7 14.c5 dxc5 15.dxe5 Ng4
16.h3 Ngxe5 17.Nxe5 Nxe5 18.f4 Ng6 19.Qf2 b6 20.Rd2 Ba6 21.Rfd1 Rad8 22.Rxd8 Rxd8
23.Rxd8+ Qxd8 24.f5 Nf8 25.Qf4 Bb5 26.e5 g6 27.e6 fxe6 28.Qe5 Kf7 29.Qg7+ Ke8
30.f6 Qd7 31.h4 Qf7 32.Be4 Nd7 33.Qh8+ Nf8 34.Qg7 Qd7 35.Be5 Qd1+ 36.Kh2 Qd2+
37.Bg2 Qd7 38.g4 Qf7 39.Bd6 e5 40.Qh8 c4 41.Be4 c5 42.Bd5  1-0

[Event "TCh-HUN 2010-11"]
[Site "Budapest HUN"]
[Date "2011.04.10"]
[Round "8"]
[White "Nevednichy,V"]
[Black "Ilincic,Z"]
[Result "1/2-1/2"]
[WhiteElo "2577"]
[BlackElo "2447"]

1.c4 Nf6 2.d4 e6 3.g3 Bb4+ 4.Bd2 c5 5.Bxb4 cxb4 6.Bg2 O-O 7.e4 d6 8.Ne2 e5
9.O-O b6 10.a3 bxa3 11.Nxa3 a5 12.Nc3 Ba6 13.b3 Nc6 14.Nc2 Rb8 15.Qd3 Qc7
16.Rfd1 Rfd8 17.h3 h6 18.Kh2 Rd7 19.dxe5 dxe5 20.Nd5 Nxd5 21.exd5 Nd8 22.Ne3 Nb7
23.Qf5 Re8 24.Qg4 Nd6 25.b4 Bxc4 26.bxa5 b5 27.a6 Rdd8 28.Nf5 Nxf5 29.Qxf5 Qd6
30.Re1 g6 31.Qe4 Bxd5 32.Qxd5  1/2-1/2

[Event "TCh-HUN 2010-11"]
[Site "Budapest HUN"]
[Date "2011.04.17"]
[Round "9"]
[White "Horvath,Cs1"]
[Black "Szabo,Zso2"]
[Result "1-0"]
[WhiteElo "2529"]
[BlackElo "2433"]

1.d4 Nf6 2.c4 e6 3.g3 Bb4+ 4.Bd2 Qe7 5.Nf3 Bxd2+ 6.Qxd2 Ne4 7.Qc2 f5 8.Bg2 O-O
9.O-O d6 10.Nc3 Nxc3 11.Qxc3 Nd7 12.e4 fxe4 13.Nd2 d5 14.cxd5 exd5 15.Qxc7 Qg5
16.Qa5 Qf5 17.Rae1 Nb6 18.f3 Qf6 19.Qb4 exf3 20.Nxf3 Qd8 21.Re7 Re8 22.Rxe8+ Qxe8
23.Re1 Qf8 24.Qc5 Bd7 25.Ne5 Be6 26.Nc6 bxc6 27.Rxe6 Qf5 28.Rxc6 Qb1+ 29.Qc1 Qxa2
30.h4 Rf8 31.Rc7 h6 32.Qc2 Rf7 33.Rc5 Qa1+ 34.Kh2 Qe1 35.Rxd5 Rf2 36.Rd8+ Kf7
37.Qc7+ Kg6 38.Qc6+ Kh5 39.Kh3 Re2 40.b3 Qb1 41.Qf3+  1-0

[Event "TCh-HUN 2010-11"]
[Site "Nagykanizsa HUN"]
[Date "2011.04.17"]
[Round "9"]
[White "Markus,Rob"]
[Black "Danner,G"]
[Result "1-0"]
[WhiteElo "2624"]
[BlackElo "2422"]

1.d4 Nf6 2.c4 e6 3.g3 Bb4+ 4.Bd2 Bxd2+ 5.Qxd2 O-O 6.Bg2 d6 7.Nf3 Nc6 8.d5 Ne7
9.Nc3 e5 10.O-O Bg4 11.Ne1 Qd7 12.e4 Bh3 13.Bxh3 Qxh3 14.Nd3 Ng6 15.f3 Qd7
16.Qe3 c6 17.dxc6 Qxc6 18.b3 Ne7 19.Rad1 Rfd8 20.Rf2 a6 21.a4 Qc7 22.Nb4 Qa5
23.Nc2 Qc5 24.Rfd2 Qxe3+ 25.Nxe3 Ne8 26.Kf2 Rdb8 27.Ncd5 Nxd5 28.Rxd5 g6
29.c5 dxc5 30.Rxc5 b5 31.a5 f6 32.Rc6 Ra7 33.Nd5 Kf7 34.Rdc1 b4 35.Rb6 Rbb7
36.Rcc6 Rxb6 37.axb6 Rb7 38.Rc7+ Rxc7 39.bxc7 Nd6 40.Nb6 a5 41.Ke3  1-0

[Event "15th Neckar Open"]
[Site "Deizisau GER"]
[Date "2011.04.21"]
[Round "1"]
[White "Mende,A"]
[Black "Yemelin,V"]
[Result "0-1"]
[WhiteElo "2129"]
[BlackElo "2575"]

1.d4 Nf6 2.c4 e6 3.g3 Bb4+ 4.Bd2 c5 5.Bxb4 cxb4 6.Bg2 O-O 7.Nd2 d6 8.Ngf3 Nc6
9.O-O e5 10.d5 Nb8 11.e4 Na6 12.h3 Nc5 13.Qe2 Bd7 14.Ne1 Qc8 15.Kh2 b5 16.b3 a5
17.Nd3 Nxd3 18.Qxd3 Qc5 19.f4 Rfe8 20.Rae1 a4 21.fxe5 Rxe5 22.Qe3 Qxe3 23.Rxe3 axb3
24.axb3 Ra2 25.Rd3 Nxe4 26.Nf3 Re8 27.Nd4 bxc4 28.bxc4 Nc5 29.Rdf3 f6 30.Rb1 Rd2
31.Nb3 Nxb3 32.Rfxb3 Ree2 33.Rg1 Bf5  0-1

[Event "Easter Open"]
[Site "Norrkoping SWE"]
[Date "2011.04.22"]
[Round "2"]
[White "Kenneskog,Theodor"]
[Black "Lundin,J"]
[Result "0-1"]
[WhiteElo "2062"]
[BlackElo "2317"]

1.d4 Nf6 2.c4 e6 3.g3 Bb4+ 4.Bd2 c5 5.Bxb4 cxb4 6.Bg2 O-O 7.e4 d6 8.Ne2 e5
9.O-O Re8 10.d5 Na6 11.a3 Bd7 12.axb4 Nxb4 13.Nbc3 a5 14.Na2 Na6 15.Nac1 Nc5
16.Nc3 Qb6 17.Nd3 Rec8 18.Nxc5 Qxc5 19.Na4 Bxa4 20.Rxa4 b5 21.cxb5 Qxb5 22.Ra2 Rc4
23.Re1 Qc5 24.b3 Rc3 25.Qa1 h5 26.Bf1 Rxb3 27.Rc1 Qa7 28.Rc4 Ng4 29.Rca4 Qb6
30.Qe1 Rb1 31.Qe2 Rc8 32.h3 Nf6 33.Rc2 Rxf1+ 34.Kg2 Rxc2 35.Qxc2 Qb1 36.Qc8+ Kh7
37.Qf5+ Kh6 38.h4 Rg1+ 39.Kh2 Ng4+  0-1

[Event "Thessaloniki Open A"]
[Site "Thessaloniki GRE"]
[Date "2011.04.29"]
[Round "6.5"]
[White "Malikentzos,S"]
[Black "Kakousatze,I"]
[Result "0-1"]
[WhiteElo "2343"]
[BlackElo "2023"]

1.d4 Nf6 2.c4 e6 3.g3 Bb4+ 4.Bd2 c5 5.Bxb4 cxb4 6.Bg2 O-O 7.Nf3 d6 8.O-O Nfd7
9.a3 bxa3 10.Nxa3 e5 11.Nb5 Qb6 12.dxe5 dxe5 13.Nd6 Qc7 14.Ng5 Nf6 15.c5 h6
16.Nf3 e4 17.Ne5 Qxc5 18.Ng6 fxg6 19.Rc1 Qb4 20.Rxc8 Rxc8 21.Nxc8 Nc6 22.Bh3 Nd4
23.e3 Nf3+ 24.Kg2 Ng5 25.Qd8+ Kh7 26.Rc1 Nxh3 27.Kxh3 Qb5 28.Kg2 Qf5 29.h3 Nd5
30.Qd6 Qf3+ 31.Kg1 Nxe3 32.fxe3 Qxe3+ 33.Kg2 Qxc1 34.Ne7 Qxb2+  0-1

[Event "43rd TCh-ITA 2011"]
[Site "Spoleto ITA"]
[Date "2011.04.30"]
[Round "6"]
[White "Brunello,S"]
[Black "Contin,D"]
[Result "1-0"]
[WhiteElo "2533"]
[BlackElo "2316"]

1.d4 Nf6 2.c4 e6 3.g3 Bb4+ 4.Bd2 c5 5.Bxb4 cxb4 6.Bg2 O-O 7.e4 d6 8.Ne2 Qc7
9.Qd3 e5 10.a3 Na6 11.O-O Re8 12.Nd2 exd4 13.Nxd4 Bd7 14.Nb5 Bxb5 15.cxb5 Nc5
16.Qc4 bxa3 17.b4 Ne6 18.Rxa3 Qb6 19.Qd3 Red8 20.Nc4 Qxb5 21.Ra5 Qd7 22.Rfa1 Qc7
23.Rxa7 Rxa7 24.Rxa7 Ng4 25.Qd5 Rc8 26.Bf1 Nf6 27.Qxd6 Nxe4 28.Qd5 Nc3 29.Qxb7 Nd4
30.Nd6 Nf3+ 31.Kg2 Ne1+ 32.Kh3 Nd1 33.Kg4 Nxf2+ 34.Kf4 Nfd3+ 35.Bxd3 Nxd3+
36.Ke3 Rd8 37.Nxf7 Rd5 38.Ke4 Nxb4  1-0

[Event "Luebeck GM"]
[Site "Luebeck GER"]
[Date "2011.05.03"]
[Round "9"]
[White "Krause,U"]
[Black "Nedic,D"]
[Result "1-0"]
[WhiteElo "2264"]
[BlackElo "2378"]

1.d4 Nf6 2.c4 e6 3.g3 Bb4+ 4.Bd2 Be7 5.Bg2 O-O 6.e4 d5 7.cxd5 exd5 8.e5 Ne4
9.Nc3 c5 10.Bxe4 dxe4 11.d5 Bg5 12.f4 Bh6 13.Be3 Nd7 14.Qe2 b5 15.Nxe4 Bb7
16.Nd6 Bxd5 17.Nf3 Qa5+ 18.Bd2 Qb6 19.O-O f6 20.Nf5 Bc4 21.Nxh6+ gxh6 22.Qe4 Bxf1
23.Qd5+ Kh8 24.Rxf1 Rad8 25.e6 Ne5 26.e7 Rfe8 27.exd8=Q Rxd8 28.Qxd8+ Qxd8
29.fxe5 fxe5 30.Bxh6 Kg8 31.Nxe5 Qd4+ 32.Kg2 Qd5+ 33.Kh3 Qe6+ 34.Ng4  1-0

[Event "13th Salou Open"]
[Site "Salou ESP"]
[Date "2011.05.05"]
[Round "2"]
[White "Genutis,M"]
[Black "Fedorchuk,S"]
[Result "0-1"]
[WhiteElo "2315"]
[BlackElo "2654"]

1.d4 Nf6 2.c4 e6 3.g3 Bb4+ 4.Bd2 a5 5.Bg2 O-O 6.e4 d6 7.Ne2 e5 8.a3 Bxd2+
9.Nxd2 a4 10.O-O Nbd7 11.h3 c6 12.Qc2 Re8 13.Kh2 exd4 14.Nxd4 Nc5 15.Rae1 Bd7
16.f4 Qc7 17.N4f3 h6 18.e5 dxe5 19.fxe5 Nh7 20.Ne4 Nxe4 21.Qxe4 Nf8 22.Rf2 Ng6
23.h4 Ra5 24.Ref1 Be6 25.Bh3 Bxh3 26.Kxh3 Nxe5 27.Kg2 Re7 28.Nd4 Nxc4 29.Ne6 Nd6  0-1